000 00812nam a2200325 4500
001 000052993
003 CZ PrSKC
005 20251209172555.0
008 040306s1994 XX ||| | rus
020 _a5020115762
040 _aABA007
080 _a791:82
080 _a82(048.8)
080 _a791
245 0 0 _aEkrannyje iskusstva i literatura :
_bzvukovoje kino.
250 _a1. izd.
260 _aMoskva :
_bNauka,
_c1994
300 _a197 s.
520 _aEkrannyje iskusstva i literatura : zvukovoje kino.
650 0 7 _aliterární díla
_2czenas
650 0 4 _avlivy
650 0 4 _astudie
650 0 4 _afilmové umění
650 0 7 _afilm
_2czenas
650 0 7 _aliteratura
_2czenas
650 0 7 _afilmy
_2czenas
900 _b13
910 _aABA007
942 _2ddc
_cKNIHA
_n0
999 _c1817
_d1817